[Event "Ville d'Orsay online Blitz"]
[Site "Europe Echecs INT"]
[Date "2021.02.07"]
[Round "5"]
[White "Chouvaev Komin, Daniel"]
[Black "Saya, Ethan"]
[Result "0-1"]
[WhiteElo "1625"]
[BlackElo "2230"]
[PlyCount "78"]
[EventDate "2021.02.07"]
[EventType "swiss (blitz)"]
[EventRounds "11"]
[EventCountry "FRA"]
[SourceTitle "CBM 200 Extra"]
[Source "ChessBase"]
[SourceDate "2021.03.31"]
[SourceVersion "1"]
[SourceVersionDate "2021.03.31"]
[SourceQuality "1"]

1. e4 d5 2. exd5 Qxd5 3. Nc3 Qa5 4. d4 Nf6 5. Nf3 c6 6. Bc4 Bf5 7. 0-0 e6 8. Bd2 Nbd7 9. h3 Bb4 10. a3 Bxc3 11. Bxc3 Qc7 12. Nh4 Be4 13. Bd3 Qf4 14. Bxe4 Nxe4 15. Nf3 Nxc3 16. bxc3 0-0 17. c4 Rfd8 18. c3 Nb6 19. Qb3 Rab8 20. c5 Nd5 21. c4 Ne7 22. Qe3 Qf6 23. Rfd1 Nf5 24. Qf4 Qh6 25. Qxh6 Nxh6 26. Rab1 f6 27. Rd2 Rd7 28. Rbd1 Rbd8 29. Kf1 Kf7 30. Ke2 Nf5 31. g4 Ne7 32. Nh4 g5 33. Nf3 Ng6 34. Ke3 Rh8 35. d5 exd5 36. cxd5 cxd5 37. Rxd5 Re8+ 38. Kd4 Rxd5+ 39. Kxd5 Rd8+ 0-1

[Event "Ville d'Orsay online Blitz"]
[Site "Europe Echecs INT"]
[Date "2021.02.07"]
[Round "1"]
[White "Chouvaev Komin, Daniel"]
[Black "Velten, Paul"]
[Result "0-1"]
[WhiteElo "1625"]
[BlackElo "2482"]
[PlyCount "110"]
[EventDate "2021.02.07"]
[EventType "swiss (blitz)"]
[EventRounds "11"]
[EventCountry "FRA"]
[SourceTitle "CBM 200 Extra"]
[Source "ChessBase"]
[SourceDate "2021.03.31"]
[SourceVersion "1"]
[SourceVersionDate "2021.03.31"]
[SourceQuality "1"]

1. e4 e6 2. d4 d5 3. Nd2 Nf6 4. e5 Nfd7 5. Bd3 c5 6. c3 Nc6 7. Ne2 cxd4 8. cxd4 f6 9. exf6 Nxf6 10. Nf3 Bd6 11. 0-0 0-0 12. Bf4 Nh5 13. Bg3 Nxg3 14. hxg3 Qf6 15. Bc2 Bd7 16. Qd2 Be8 17. Qg5 Rc8 18. Rac1 h6 19. Qxf6 gxf6 20. Rfd1 Bh5 21. Ba4 Rc7 22. Rc2 Rfc8 23. Rdc1 Kf7 24. a3 Ke7 25. Kf1 a6 26. b4 b5 27. Bb3 a5 28. bxa5 Nxa5 29. Rxc7+ Rxc7 30. Rxc7+ Bxc7 31. Bc2 Bd6 32. a4 b4 33. Nc1 e5 34. dxe5 fxe5 35. Nb3 Nc4 36. a5 Kd7 37. Bd3 e4 38. Bxc4 dxc4 39. Nbd4 exf3 40. gxf3 Bc5 41. Ne2 Bxf3 42. Ke1 Bxe2 43. Kxe2 Kc6 44. f4 Kb5 45. g4 Kxa5 46. g5 hxg5 47. fxg5 Bd4 48. g6 b3 49. Kd2 c3+ 50. Kc1 Kb4 51. g7 Bxg7 52. Kd1 Ka3 53. Kc1 Bh6+ 54. Kb1 c2+ 55. Ka1 b2# 0-1

[Event "FRA-chT U20 Top"]
[Site "Bischwiller"]
[Date "2016.05.15"]
[Round "2"]
[White "Chouvaev Komin, Daniel"]
[Black "Razafindratsima, Timothe"]
[Result "0-1"]
[WhiteElo "1263"]
[BlackElo "1758"]
[PlyCount "64"]
[EventDate "2016.05.14"]
[EventType "tourn"]
[EventRounds "11"]
[EventCountry "FRA"]
[SourceTitle "EXT 2019"]
[Source "ChessBase"]
[SourceDate "2018.10.10"]
[SourceVersion "1"]
[SourceVersionDate "2018.10.10"]
[SourceQuality "1"]

1. d4 Nf6 2. Nf3 g6 3. c4 Bg7 4. Nc3 d5 5. e3 0-0 6. Bd3 dxc4 7. Bxc4 c5 8. 0-0 Bg4 9. Be2 Nc6 10. dxc5 Qa5 11. h3 Bxf3 12. Bxf3 Rfd8 13. Qe2 Qxc5 14. a3 Rab8 15. Rb1 Ne5 16. Rd1 b5 17. Rxd8+ Rxd8 18. Qxb5 Nxf3+ 19. gxf3 Qc8 20. Kg2 Nh5 21. Qb3 Qf5 22. e4 Nf4+ 23. Bxf4 Qxf4 24. Rd1 Rb8 25. Qc2 Be5 26. Rh1 Qg5+ 27. Kf1 Qf6 28. Ke2 Bxc3 29. Qxc3 Rxb2+ 30. Kd3 Qxf3+ 31. Kc4 Qxe4+ 32. Qd4 Rc2+ 0-1